| 000 | 01256 a2200337 4500 | ||
|---|---|---|---|
| 001 | 200422411 | ||
| 999 |
_c200422411 _d39423 |
||
| 003 | TR-AnTOB | ||
| 005 | 20241014152115.0 | ||
| 008 | 150709s tu 000 0 | ||
| 020 | _a9780821368909 | ||
| 040 |
_aTR-AnTOB _btur _erda |
||
| 041 | 0 | _aeng | |
| 050 | 0 | 0 |
_aHC59.72.P6. _bH65 2007 |
| 090 | _aHC59.72.P6. H65 2007 | ||
| 245 | 1 | 0 |
_aTools for institutional, political, and social analysis of policy reform : _ba sourcebook for development practitioners / _cJeremy Holland. |
| 264 |
_aWashington, D.C. : _bWorld Bank, _c2007 |
||
| 300 |
_axviii, 267 p. : _bill. ; _c24 cm. + _e1 CD-ROM (4 3/4 in.) |
||
| 336 |
_atext _2rdacontent |
||
| 337 |
_aunmediated _2rdamedia |
||
| 338 |
_avolume _2rdacarrier |
||
| 504 | _aIncludes bibliographical references and index. | ||
| 650 | 0 | 0 |
_aEkonomi politikası _xDeğerlendirme _9107570 |
| 650 | 0 | 0 |
_aEconomic policy _xEvaluation _9107568 |
| 650 | 0 | 0 |
_aPoverty _xGovernment policy _zDeveloping countries _xEvaluation _9107446 |
| 650 | 0 | 0 |
_aYoksulluk _xDevlet politikası _zGelişmekte olan ülkeler _xDeğerlendirme _9107569 |
| 650 | 0 | 0 |
_aEconomic assistance _xEvaluation _91089 |
| 650 | 0 | 0 |
_aEkonomik yardım _xDeğerlendirme _979915 |
| 710 | 1 |
_aWorld Bank _919811 |
|
| 942 | _cBK | ||